Introduction to social demography. (Record no. 88262)

MARC details
000 -LEADER
fixed length control field 00394nam a2200145Ia 4500
008 - FIXED-LENGTH DATA ELEMENTS--GENERAL INFORMATION
fixed length control field 210210b1983 xxu||||| |||| 00| 0 eng d
020 ## - INTERNATIONAL STANDARD BOOK NUMBER
International Standard Book Number 0 7069 2213 1
082 ## - DEWEY DECIMAL CLASSIFICATION NUMBER
Classification number 304.6 PREI
100 ## - MAIN ENTRY--PERSONAL NAME
Personal name PREMI (M K) and others.
245 ## - TITLE STATEMENT
Title Introduction to social demography.
260 ## - PUBLICATION, DISTRIBUTION, ETC.
Place of publication, distribution, etc. New Delhi.
Name of publisher, distributor, etc. Vikas Publishing House Pvt Ltd.,
Date of publication, distribution, etc. 1983
300 ## - PHYSICAL DESCRIPTION
Extent x,214
690 ## - LOCAL SUBJECT ADDED ENTRY--TOPICAL TERM (OCLC, RLIN)
Topical term or geographic name as entry element Population
906 ## - LOCAL DATA ELEMENT F, LDF (RLIN)
a 037815
Holdings
Withdrawn status Lost status Damaged status Not for loan Collection code Home library Current library Shelving location Date acquired Cost, normal purchase price Total Checkouts Full call number Barcode Date last seen Date last checked out Price effective from Koha item type
          St Aloysius Library St Aloysius Library   02/17/2021 25.00 1 304.6 PREI 037815 05/15/2023 01/20/2023 02/17/2021 Book